[Event "Reykjavik Open 2016"]
[Site "Reykjavik ISL"]
[Date "2016.03.08"]
[Round "1.1"]
[White "Mamedyarov, Shakhriyar"]
[Black "Hardarson, Jon Trausti"]
[Result "1-0"]
[WhiteTitle "GM"]
[WhiteElo "2747"]
[BlackElo "2058"]
[WhiteFideId "13401319"]
[BlackFideId "2302594"]
[EventDate "2016.03.08"]

1. d4 d5 2. c4 c6 3. Nf3 Nf6 4. Nbd2 dxc4 5. Nxc4 Bf5 6. Qb3 b5 7. Nce5 Qd5 8.
g3 e6 9. Bg2 Be4 10. O-O Qxb3 11. axb3 Nd5 12. Ng5 Bg6 13. Bd2 Be7 14. Rfc1 Bxg5
15. Bxg5 f6 16. Nxg6 hxg6 17. e4 Ne7 18. Bf4 Kd7 19. h4 a5 20. Bd2 Na6 21. Rxa5
Nc7 22. b4 Rxa5 23. bxa5 Na6 24. Kf1 b4 25. Ke1 f5 26. f3 fxe4 27. fxe4 Rh5 28.
Ra1 Kc7 29. Bf3 Rh8 30. Be2 1-0

[Event "Reykjavik Open 2016"]
[Site "Reykjavik ISL"]
[Date "2016.03.08"]
[Round "1.2"]
[White "Stray, Gunnar"]
[Black "Andreikin, Dmitry"]
[Result "0-1"]
[BlackTitle "GM"]
[WhiteElo "2050"]
[BlackElo "2732"]
[WhiteFideId "1501631"]
[BlackFideId "4158814"]
[EventDate "2016.03.08"]

1. d4 g6 2. Nf3 Bg7 3. g3 c5 4. d5 d6 5. Bg2 b5 6. O-O Nf6 7. Re1 O-O 8. e4 Bb7
9. c4 bxc4 10. Nc3 Ng4 11. h3 Ne5 12. Nxe5 Bxe5 13. Qe2 Nd7 14. Qxc4 Qa5 15. Qd3
Ba6 16. Qc2 Nb6 17. Bf4 Bd4 18. Ne2 Bxe2 19. Qxe2 Nd7 20. Bd2 Qb6 21. Bc3 Rab8
22. Rac1 Rfc8 23. b3 a5 24. Bf1 Bxc3 25. Rxc3 a4 26. Qc2 axb3 27. Rxb3 Qa5 28.
Reb1 Rxb3 29. axb3 Ra8 30. Bc4 Qb4 31. Rc1 Ra3 32. Qe2 Ne5 33. Kg2 Qa5 34. Qc2
h5 35. Qc3 Qxc3 36. Rxc3 Nxc4 37. Rxc4 Rxb3 38. Rc2 g5 39. f3 Kg7 40. Kf2 Kf6
41. h4 gxh4 42. gxh4 Ke5 43. Rc4 Kf4 0-1

[Event "Reykjavik Open 2016"]
[Site "Reykjavik ISL"]
[Date "2016.03.08"]
[Round "1.3"]
[White "Rapport, Richard"]
[Black "Heimisson, Hilmir Freyr"]
[Result "1-0"]
[WhiteTitle "GM"]
[WhiteElo "2720"]
[BlackElo "2048"]
[WhiteFideId "738590"]
[BlackFideId "2309998"]
[EventDate "2016.03.08"]

1. b3 d5 2. Bb2 Nf6 3. e3 Bf5 4. f4 Nbd7 5. Nf3 e6 6. d3 Bc5 7. Qe2 h5 8. Nbd2
Qe7 9. a3 c6 10. g3 a5 11. h3 b5 12. Bg2 a4 13. b4 Bxb4 14. axb4 Qxb4 15. Rb1
Qa5 16. Nd4 Qc7 17. e4 dxe4 18. dxe4 Bg6 19. e5 Nd5 20. Bxd5 exd5 21. e6 O-O 22.
exd7 Qxd7 23. O-O Qxh3 24. Qg2 Bf5 25. Nxc6 Qxg2+ 26. Kxg2 Bxc2 27. Rbc1 Bd3 28.
Ne7+ Kh7 29. Rh1 g6 30. Nxd5 a3 31. Ba1 Rfc8 32. Nf6+ Kh6 33. Nf3 b4 34. Ng5 Bf5
35. Nxf7+ Kg7 36. Nd6 Rc2+ 37. Rxc2 Bxc2 38. Nd5+ Kf8 39. Nxb4 Ba4 40. Rc1 Ke7
41. Nc8+ Ke6 42. Re1+ Kf7 43. Nb6 Rb8 44. N4d5 Bc6 45. Re7+ Kf8 46. Nd7+ Bxd7
47. Bg7+ 1-0

[Event "Reykjavik Open 2016"]
[Site "Reykjavik ISL"]
[Date "2016.03.08"]
[Round "1.4"]
[White "Ruonala, Robert"]
[Black "Sargissian, Gabriel"]
[Result "0-1"]
[BlackTitle "GM"]
[WhiteElo "2048"]
[BlackElo "2702"]
[WhiteFideId "1724703"]
[BlackFideId "13300881"]
[EventDate "2016.03.08"]

1. e4 e5 2. Nf3 Nc6 3. d4 exd4 4. Nxd4 Bb4+ 5. c3 Bc5 6. Be3 Bb6 7. Bc4 Nf6 8.
O-O O-O 9. Nxc6 bxc6 10. e5 Nd5 11. Bxd5 cxd5 12. Qxd5 Rb8 13. Bxb6 Rxb6 14. Qd2
Qh4 15. f3 d6 16. exd6 Rxd6 17. Qf2 Qg5 18. f4 Qd8 19. Na3 Ba6 20. c4 Bb7 21.
Qxa7 Rb6 22. Nb5 Qd3 23. Nxc7 Rxb2 24. Nd5 Qxc4 25. Ne7+ Kh8 26. Rf2 Rxf2 27.
Qxf2 Bxg2 28. Nf5 Ba8 29. Qd4 Qxd4+ 30. Nxd4 Rd8 31. Ne2 Rd2 32. Rb1 g6 33. Rb8+
Kg7 34. Rxa8 Rxe2 35. Ra5 f5 36. Ra7+ Kh6 37. Ra3 Kh5 38. Rh3+ Kg4 39. Rxh7 Rxa2
40. Rb7 Kxf4 41. Rb4+ Kg5 42. Rb3 f4 43. Rc3 Kg4 44. Rb3 g5 45. Rc3 Re2 46. Ra3
Re3 47. Ra2 Kh3 48. Ra8 Rd3 49. Rh8+ Kg4 50. Rh7 Kf3 51. Rh3+ Ke2 52. Rh8 Rd1+
53. Kg2 f3+ 54. Kg3 Rg1+ 55. Kh3 g4+ 56. Kh4 f2 57. Re8+ Kf3 0-1

[Event "Reykjavik Open 2016"]
[Site "Reykjavik ISL"]
[Date "2016.03.08"]
[Round "1.5"]
[White "Cheparinov, Ivan"]
[Black "Thorsteinsdottir, Gudlaug"]
[Result "1-0"]
[WhiteTitle "GM"]
[BlackTitle "WFM"]
[WhiteElo "2684"]
[BlackElo "2047"]
[WhiteFideId "2905540"]
[BlackFideId "2300753"]
[EventDate "2016.03.08"]

1. d4 d5 2. c4 c6 3. Nf3 Nf6 4. Nc3 dxc4 5. a4 Bf5 6. Ne5 Nbd7 7. Nxc4 Nb6 8.
Ne5 e6 9. f3 Bg6 10. a5 Nbd7 11. Nc4 c5 12. d5 exd5 13. Nxd5 Nxd5 14. Qxd5 Qc7
15. a6 Rb8 16. g3 Nf6 17. Qd1 Nh5 18. axb7 Be7 19. Qa4+ Kf8 20. Qxa7 Rxb7 21.
Qa5 Qb8 22. e4 f5 23. e5 Be8 24. Be2 g5 25. Kf2 Rg8 26. Rd1 Bg6 27. Nd6 Rc7 28.
Bc4 Rh8 29. Qc3 Ra7 30. Rxa7 Qxa7 31. Nc8 Qc7 32. Nxe7 Qxe7 33. e6 Qf6 34. Bxg5 1-0

[Event "Reykjavik Open 2016"]
[Site "Reykjavik ISL"]
[Date "2016.03.08"]
[Round "1.6"]
[White "Freuler, Roman"]
[Black "Melkumyan, Hrant"]
[Result "0-1"]
[BlackTitle "GM"]
[WhiteElo "2047"]
[BlackElo "2653"]
[WhiteFideId "1304283"]
[BlackFideId "13302485"]
[EventDate "2016.03.08"]

1. e4 g6 2. d4 Bg7 3. Nc3 d6 4. Be3 a6 5. Qd2 b5 6. Bd3 Bb7 7. f3 Nd7 8. Nce2 e5
9. c3 Ngf6 10. d5 c6 11. dxc6 Bxc6 12. Nh3 O-O 13. Nf2 d5 14. O-O-O b4 15. cxb4
Qb8 16. Kb1 Qb7 17. Ng3 Rfb8 18. h4 Bf8 19. h5 Bxb4 20. Qe2 d4 21. Bc1 Bf8 22.
Bc4 Bb5 23. hxg6 hxg6 24. Bxb5 axb5 25. Nd3 Rc8 26. Bh6 Qa6 27. b3 Rc3 28. Bxf8
Rxb3+ 29. axb3 Qa1+ 0-1

[Event "Reykjavik Open 2016"]
[Site "Reykjavik ISL"]
[Date "2016.03.08"]
[Round "1.7"]
[White "Movsesian, Sergei"]
[Black "Mages, Steffen"]
[Result "1-0"]
[WhiteTitle "GM"]
[WhiteElo "2653"]
[BlackElo "2037"]
[WhiteFideId "310204"]
[BlackFideId "24662208"]
[EventDate "2016.03.08"]

1. e4 c5 2. Nf3 d6 3. Nc3 Nf6 4. d4 cxd4 5. Qxd4 a6 6. e5 Nc6 7. Qa4 dxe5 8.
Nxe5 Bd7 9. Nxd7 Nxd7 10. Be3 e6 11. O-O-O b5 12. Qg4 Qc7 13. Bf4 Qb7 14. Qg3
Nc5 15. Bd3 Rc8 16. Kb1 Nxd3 17. Rxd3 Ne7 18. Re1 Nf5 19. Qh3 Be7 20. g4 Nh4 21.
Nd5 Ng6 22. Nxe7 Nxf4 23. Nxc8 1-0

[Event "Reykjavik Open 2016"]
[Site "Reykjavik ISL"]
[Date "2016.03.08"]
[Round "1.8"]
[White "Valdimarsson, Einar"]
[Black "Grandelius, Nils"]
[Result "1-0"]
[BlackTitle "GM"]
[WhiteElo "2029"]
[BlackElo "2646"]
[WhiteFideId "2304813"]
[BlackFideId "1710400"]
[EventDate "2016.03.08"]

1. d4 Nf6 2. Nc3 d5 3. e4 Nxe4 4. Nxe4 dxe4 5. Bc4 Nc6 6. c3 e5 7. Qb3 Qd7 8.
dxe5 Nxe5 9. Bf4 Bd6 10. Rd1 Nxc4 11. Qxc4 O-O 12. Ne2 Qe6 13. Qxe6 Bxe6 14.
Bxd6 cxd6 15. Rxd6 Bxa2 16. Nd4 Rfd8 17. Rxd8+ Rxd8 18. b3 Bb1 19. Kd2 Bd3 20.
f3 f5 21. Ra1 a6 22. Ra5 Bf1 23. fxe4 fxe4 24. Rg5 h6 25. Rg3 Rd7 26. Ke3 Bd3
27. b4 Kh7 28. Ne6 Re7 29. Nc5 Bb1 30. Kd4 b6 31. Nxa6 Rd7+ 32. Ke3 g5 33. b5
Rd5 34. Nb4 Rxb5 35. Kd4 Rf5 36. c4 Rf1 37. Rb3 Rd1+ 38. Ke3 Re1+ 39. Kd4 Rd1+
40. Ke3 Rg1 41. Rb2 Kg6 42. Nd5 Kf5 43. Rxb6 Ba2 44. Ne7+ Kg4 45. Kf2 Rc1 46.
h3+ Kf4 47. Ng6+ 1-0

[Event "Reykjavik Open 2016"]
[Site "Reykjavik ISL"]
[Date "2016.03.08"]
[Round "1.9"]
[White "Jones, Gawain C B"]
[Black "Runarsson, Gunnar"]
[Result "1-0"]
[WhiteTitle "GM"]
[WhiteElo "2645"]
[BlackElo "2028"]
[WhiteFideId "409561"]
[BlackFideId "2301768"]
[EventDate "2016.03.08"]

1. e4 c6 2. d4 d5 3. Nc3 dxe4 4. Nxe4 Nf6 5. Nxf6+ exf6 6. c3 Bd6 7. Bd3 O-O 8.
Ne2 Nd7 9. Qc2 h6 10. O-O Qc7 11. Ng3 Re8 12. Be3 Nb6 13. Rae1 Nd5 14. Bxh6 Be6
15. Bd2 Nf4 16. Bxf4 Bxf4 17. Qe2 g6 18. Bc4 Kg7 19. Bxe6 Rxe6 20. Qg4 Bxg3 21.
Qxg3 Qe7 22. Re3 Re8 23. Rfe1 Qd7 24. Qf3 Rxe3 25. Rxe3 Rxe3 26. fxe3 Qe6 27. b3
a5 28. c4 a4 29. h3 Qe7 30. bxa4 Qb4 31. Qe2 f5 32. d5 cxd5 33. cxd5 Kf6 34. Qd1
Ke5 35. Qa1+ Kxd5 36. Qf6 Qe1+ 37. Kh2 Qxe3 38. Qxf7+ Kc5 39. Qc7+ Kd4 40. Qb6+
Kd3 41. Qxg6 Qc5 42. Qg3+ Ke2 43. Qf3+ Ke1 44. Qxb7 f4 45. a5 Qxa5 46. Qe4+ Kd1
47. Qxf4 1-0

[Event "Reykjavik Open 2016"]
[Site "Reykjavik ISL"]
[Date "2016.03.08"]
[Round "1.10"]
[White "Raddatz, Michael"]
[Black "Gupta, Abhijeet"]
[Result "0-1"]
[BlackTitle "GM"]
[WhiteElo "2023"]
[BlackElo "2634"]
[WhiteFideId "4613252"]
[BlackFideId "5010608"]
[EventDate "2016.03.08"]

1. e4 c5 2. Nf3 d6 3. d4 cxd4 4. Nxd4 Nf6 5. Nc3 Nc6 6. Bg5 e6 7. Qd2 a6 8.
O-O-O Bd7 9. f4 b5 10. Nxc6 Bxc6 11. e5 dxe5 12. Qxd8+ Rxd8 13. Rxd8+ Kxd8 14.
fxe5 h6 15. Bh4 g5 16. Bf2 Nd7 17. h4 g4 18. Be2 Rg8 19. Rd1 g3 20. Be3 Ke8 21.
Bf3 Bxf3 22. gxf3 Nxe5 23. Ne4 Be7 24. f4 Nf3 25. Nd2 Nxh4 26. Bb6 Rg4 27. Rg1
g2 28. Be3 Nf5 29. Bf2 h5 30. Nf3 Rxf4 0-1

[Event "Reykjavik Open 2016"]
[Site "Reykjavik ISL"]
[Date "2016.03.08"]
[Round "1.11"]
[White "Beliavsky, Alexander G"]
[Black "Birkisson, Bardur Orn"]
[Result "1/2-1/2"]
[WhiteTitle "GM"]
[WhiteElo "2630"]
[BlackElo "2017"]
[WhiteFideId "14602377"]
[BlackFideId "2310597"]
[EventDate "2016.03.08"]

1. d4 d5 2. c4 c6 3. Nf3 Nf6 4. Nc3 dxc4 5. a4 Bf5 6. e3 e6 7. Bxc4 Bb4 8. O-O
Nbd7 9. Qe2 Bg6 10. e4 O-O 11. Bd3 Bh5 12. e5 Nd5 13. Nxd5 cxd5 14. Qe3 Re8 15.
Ne1 Bg6 16. Be2 Nb8 17. Qb3 Nc6 18. Be3 Qb6 19. Nd3 a5 20. Nxb4 Qxb4 21. Qc3
Rec8 22. Rfc1 Qb6 23. Qd2 Nb4 24. Ra3 Nc2 25. Rc3 Qxb2 26. Rxc8+ Rxc8 27. Qxa5
h6 28. h4 Rc3 29. Qb5 Rb3 30. Qe8+ Kh7 31. Bf4 Nxd4 32. Bf1 Rc3 33. Re1 Rc2 34.
h5 Be4 35. Be3 Ne2+ 36. Rxe2 Rxe2 37. Bxe2 Qxe2 38. Qxf7 Qd1+ 39. Kh2 Qg4 40. f3
Qh4+ 41. Kg1 Qe1+ 42. Kh2 Qh4+ 43. Kg1 Qe1+ 44. Kh2 Qxe3 45. fxe4 Qxe4 46. Qxe6
d4 47. Qd6 d3 48. e6 Qh4+ 49. Kg1 Qe1+ 50. Kh2 Qh4+ 51. Kg1 Qe1+ 52. Kh2 Qh4+
53. Kg1 Qe1+ 1/2-1/2

[Event "Reykjavik Open 2016"]
[Site "Reykjavik ISL"]
[Date "2016.03.08"]
[Round "1.12"]
[White "Harringer, Manfred"]
[Black "Agdestein, Simen"]
[Result "0-1"]
[BlackTitle "GM"]
[WhiteElo "2016"]
[BlackElo "2610"]
[WhiteFideId "12958336"]
[BlackFideId "1500015"]
[EventDate "2016.03.08"]

1. e4 e5 2. Nf3 Nc6 3. Bb5 a6 4. Ba4 Nf6 5. O-O Be7 6. Re1 b5 7. Bb3 d6 8. c3
O-O 9. d3 Na5 10. Bc2 c5 11. Nbd2 Re8 12. Nf1 h6 13. h3 Bf8 14. a4 b4 15. Ne3
Be6 16. cxb4 cxb4 17. b3 d5 18. exd5 Bxd5 19. Bb2 Nc6 20. Nd2 Bc5 21. Ndc4 Bd4
22. Bxd4 Nxd4 23. Rc1 a5 24. Qd2 Bb7 25. Bd1 Ra6 26. Rb1 Qa8 27. Qb2 Rae6 28.
Bg4 Nxg4 29. hxg4 Rd8 30. Rbd1 f6 31. Nd2 Rc6 32. Ne4 Qc8 33. f3 Nc2 34. Nxc2
Rxc2 35. Qb1 Bxe4 36. Rxe4 Qc5+ 37. d4 Rxd4 0-1

[Event "Reykjavik Open 2016"]
[Site "Reykjavik ISL"]
[Date "2016.03.08"]
[Round "1.13"]
[White "Stefansson, Hannes"]
[Black "Carlsen, Henrik"]
[Result "1-0"]
[WhiteTitle "GM"]
[WhiteElo "2600"]
[BlackElo "2011"]
[WhiteFideId "2300087"]
[BlackFideId "1502832"]
[EventDate "2016.03.08"]

1. d4 d5 2. c4 e6 3. Nc3 Nf6 4. cxd5 exd5 5. Bg5 Be7 6. e3 O-O 7. Qc2 Nbd7 8.
Nf3 h6 9. Bf4 c6 10. Bd3 a6 11. h3 c5 12. dxc5 Nxc5 13. O-O Nxd3 14. Qxd3 Be6
15. Rfd1 Rc8 16. Nd4 Qd7 17. Be5 Rfd8 18. Rd2 Qe8 19. Nf5 Qd7 20. Nxe7+ Qxe7 21.
Bxf6 Qxf6 22. Rad1 Rd7 23. Qe2 Rcd8 24. Rd4 Qe5 25. R1d2 Qc7 26. Qd1 g6 27. Ne2
Rc8 28. Nf4 Qc1 29. e4 Qc7 30. exd5 Bf5 31. d6 Qc1 32. Nd5 1-0

[Event "Reykjavik Open 2016"]
[Site "Reykjavik ISL"]
[Date "2016.03.08"]
[Round "1.14"]
[White "Danielsson, Robert"]
[Black "Marin, Mihail"]
[Result "0-1"]
[BlackTitle "GM"]
[WhiteElo "2011"]
[BlackElo "2597"]
[WhiteFideId "1711490"]
[BlackFideId "1200020"]
[EventDate "2016.03.08"]

1. d4 Nf6 2. c4 g6 3. Nc3 Bg7 4. e4 d6 5. f3 O-O 6. Be3 Nbd7 7. Bd3 c5 8. Nge2
cxd4 9. Nxd4 Ne5 10. Be2 b6 11. O-O Bb7 12. Qd2 Rc8 13. b3 a6 14. Rac1 e6 15.
Rfd1 Re8 16. Bf1 d5 17. exd5 exd5 18. Nxd5 Nxd5 19. cxd5 Rxc1 20. Qxc1 Qxd5 21.
Be2 Ng4 22. Bc4 Qe5 23. fxg4 Qxe3+ 24. Qxe3 Rxe3 25. Kf2 Re7 26. Nf3 b5 27. Rd8+
Bf8 28. Bd5 Bxd5 29. Rxd5 Kg7 30. g5 Re6 31. Ne5 Be7 32. Nf3 Re4 33. Nd2 Rg4 34.
h3 Rxg5 35. Rd7 Bc5+ 36. Kf3 Rf5+ 37. Ke4 Rf2 38. g4 Re2+ 39. Kf3 Re3+ 40. Kf4
Rxh3 41. Nf3 Kf6 42. Rxf7+ Kxf7 43. Ng5+ Kf6 44. Nxh3 h5 45. gxh5 gxh5 46. a4 b4
47. Ke4 a5 48. Nf4 h4 49. Nh3 Bd6 50. Nf2 Kg5 51. Kf3 Kf5 52. Nh3 Bc7 53. Nf2
Ke5 0-1

[Event "Reykjavik Open 2016"]
[Site "Reykjavik ISL"]
[Date "2016.03.08"]
[Round "1.15"]
[White "Grigoriants, Sergey"]
[Black "Arnalds, Stefan"]
[Result "1-0"]
[WhiteTitle "GM"]
[WhiteElo "2587"]
[BlackElo "2007"]
[WhiteFideId "4130804"]
[BlackFideId "2304821"]
[EventDate "2016.03.08"]

1. e4 c5 2. Nf3 e6 3. d4 cxd4 4. Nxd4 Nf6 5. Nc3 Nc6 6. a3 e5 7. Nb3 Be7 8. Be3
O-O 9. g4 d6 10. Rg1 a6 11. g5 Ne8 12. Nd5 Be6 13. Qd2 b5 14. a4 b4 15. a5 Kh8
16. Bc4 Bxd5 17. exd5 Nd4 18. Bxd4 exd4 19. Nxd4 Qc8 20. Nc6 Nc7 21. O-O-O Re8
22. Qf4 Qd7 23. h4 Bf8 24. Kb1 Rac8 25. h5 Nb5 26. Bd3 Qb7 27. Qxb4 Rc7 28. Rge1
Rec8 29. f4 Qa8 30. Qe4 g6 31. f5 Na7 32. hxg6 Nxc6 33. g7+ 1-0

[Event "Reykjavik Open 2016"]
[Site "Reykjavik ISL"]
[Date "2016.03.08"]
[Round "1.16"]
[White "Probst, Alexander"]
[Black "Dvirnyy, Danyyil"]
[Result "0-1"]
[BlackTitle "GM"]
[WhiteElo "2006"]
[BlackElo "2572"]
[WhiteFideId "4657535"]
[BlackFideId "817570"]
[EventDate "2016.03.08"]

1. e4 e5 2. Nf3 Nc6 3. Bc4 Nf6 4. d3 h6 5. O-O d6 6. c3 g5 7. d4 Qe7 8. dxe5
dxe5 9. b3 Nxe4 10. Bd5 Nd6 11. Re1 Bg7 12. Qe2 O-O 13. Bb2 Re8 14. c4 Nb4 15.
Nc3 g4 16. Nd4 exd4 17. Qxe7 Rxe7 18. Rxe7 dxc3 19. Ba3 Nxd5 20. cxd5 Bf5 21.
Rc1 Nb5 22. Bb4 Bf8 0-1

[Event "Reykjavik Open 2016"]
[Site "Reykjavik ISL"]
[Date "2016.03.08"]
[Round "1.17"]
[White "Gretarsson, Hjorvar Steinn"]
[Black "Baer, Samuel"]
[Result "1-0"]
[WhiteTitle "GM"]
[WhiteElo "2572"]
[BlackElo "2003"]
[WhiteFideId "2302241"]
[BlackFideId "1310518"]
[EventDate "2016.03.08"]

1. c4 Nf6 2. Nc3 e6 3. e4 Bb4 4. e5 Bxc3 5. bxc3 Ng8 6. Qg4 Kf8 7. d4 Ne7 8. Bd3
d6 9. Nf3 Nd7 10. Ng5 Nf5 11. Qf3 Qe7 12. g4 Nh4 13. Qg3 Ng6 14. f4 f6 15. Nxh7+
Rxh7 16. Bxg6 Rh8 17. O-O Kg8 18. Ba3 b6 19. Be4 Rb8 20. f5 fxe5 21. dxe5 exf5
22. Bd5+ 1-0

[Event "Reykjavik Open 2016"]
[Site "Reykjavik ISL"]
[Date "2016.03.08"]
[Round "1.18"]
[White "Mehringer, Joerg"]
[Black "Brunello, Sabino"]
[Result "0-1"]
[WhiteTitle "AIM"]
[BlackTitle "GM"]
[WhiteElo "2000"]
[BlackElo "2567"]
[WhiteFideId "12915351"]
[BlackFideId "813613"]
[EventDate "2016.03.08"]

1. e4 c5 2. g3 Nc6 3. Bg2 g6 4. Ne2 Bg7 5. O-O d6 6. c3 e5 7. d3 Nge7 8. Na3 O-O
9. Be3 f5 10. Qd2 Be6 11. Nc2 Qd7 12. f3 Rad8 13. c4 Nd4 14. Ncxd4 cxd4 15. Bh6
b5 16. Bxg7 Kxg7 17. b3 Ng8 18. Bh3 bxc4 19. bxc4 fxe4 20. Bxe6 Qxe6 21. fxe4
Nf6 22. Rf2 Ng4 23. Rxf8 Rxf8 24. Rf1 Rxf1+ 25. Kxf1 Qf7+ 26. Ke1 Nxh2 27. Kd1
Qf1+ 28. Kc2 Nf3 29. Qd1 Qxd1+ 30. Kxd1 Ng5 31. Ke1 Ne6 32. Nc1 h5 33. Kf2 g5
34. Kf3 Nc5 35. Ke2 Kf6 36. Kf3 Ke7 37. Ke2 Kd7 38. Kd2 Kc6 39. Ne2 h4 40. g4 h3
41. Ng3 Kb6 42. Ke2 Ka5 43. Nh1 Kb4 44. Nf2 h2 45. Nh1 Ka3 46. Kf1 Nxd3 47. Kg2
Kxa2 0-1

[Event "Reykjavik Open 2016"]
[Site "Reykjavik ISL"]
[Date "2016.03.08"]
[Round "1.19"]
[White "Ramirez, Alejandro"]
[Black "Jonsson, Gauti Pall"]
[Result "1-0"]
[WhiteTitle "GM"]
[WhiteElo "2564"]
[BlackElo "1996"]
[WhiteFideId "6500617"]
[BlackFideId "2309092"]
[EventDate "2016.03.08"]

1. Nf3 c5 2. c4 Nc6 3. d4 cxd4 4. Nxd4 Nf6 5. Nc3 e6 6. e4 Bb4 7. Qd3 O-O 8. Be2
d5 9. exd5 exd5 10. Nxc6 bxc6 11. O-O Be6 12. cxd5 cxd5 13. Be3 Qd7 14. Bd4 Be7
15. Rfd1 Rfd8 16. Rac1 Qb7 17. Qa6 Bc8 18. Qxb7 Bxb7 19. Nb5 Ba6 20. Rc7 Re8 21.
Rc2 Bb4 22. Bf1 Bxb5 23. Bxb5 Re7 24. Rdc1 Re1+ 25. Rxe1 Bxe1 26. Bxa7 h6 27.
Rc7 Ne4 28. Kf1 Ba5 29. Bc6 Nd2+ 30. Ke2 Rd8 31. Rb7 Rd6 32. b4 Nc4 33. Bd7 Bxb4
34. Rb8+ Kh7 35. Bf5+ g6 36. Rxb4 gxf5 37. Bd4 Re6+ 38. Kd3 Re1 39. Rb5 Rd1+ 40.
Kc3 Rc1+ 41. Kb4 Rb1+ 42. Kc5 Rd1 43. a4 Na3 44. Rb2 Nc4 45. Rb3 Nd2 46. Ra3 Nc4
47. Ra1 Rd3 48. a5 Nd2 49. Kxd5 Nb3 50. Kc4 Rxd4+ 51. Kxb3 Rd7 52. a6 1-0

[Event "Reykjavik Open 2016"]
[Site "Reykjavik ISL"]
[Date "2016.03.08"]
[Round "1.20"]
[White "Fischer, Robert"]
[Black "Tari, Aryan"]
[Result "0-1"]
[BlackTitle "IM"]
[WhiteElo "1993"]
[BlackElo "2553"]
[WhiteFideId "2008653"]
[BlackFideId "1510045"]
[EventDate "2016.03.08"]

1. Nf3 d5 2. g3 g6 3. Bg2 Bg7 4. O-O e5 5. d3 Ne7 6. Nbd2 O-O 7. c4 c6 8. Rb1 f5
9. e4 dxe4 10. dxe4 f4 11. b4 h6 12. Bb2 Qc7 13. h3 Be6 14. Qb3 Nd7 15. Bc3 b5
16. Qd1 bxc4 17. Qe2 Nb6 18. Rfc1 Rad8 19. a4 Nxa4 20. Nxc4 Nxc3 21. Rxc3 fxg3
22. fxg3 g5 23. Ne3 a5 24. bxa5 Qxa5 25. Rbc1 Qb4 26. Kh2 Ra8 27. Nc4 Qb5 28.
Bf1 g4 29. Nfd2 Rf7 30. Rb1 Qc5 31. Qe3 Qxe3 32. Rxe3 Raf8 33. Bd3 Rf2+ 34. Kg1
gxh3 35. Rb7 Rg2+ 36. Kh1 Rff2 37. Bf1 Rxf1+ 38. Nxf1 Bxc4 39. Rxe7 Bxf1 40. Ra3
Rf2 41. Raa7 Bf8 42. Ra8 Be2 0-1

[Event "Reykjavik Open 2016"]
[Site "Reykjavik ISL"]
[Date "2016.03.08"]
[Round "1.21"]
[White "Rambaldi, Francesco"]
[Black "Haraldsson, Haraldur"]
[Result "1-0"]
[WhiteTitle "GM"]
[WhiteElo "2541"]
[BlackElo "1988"]
[WhiteFideId "20657307"]
[BlackFideId "2311100"]
[EventDate "2016.03.08"]

1. e4 e6 2. d4 d5 3. Nd2 Nf6 4. e5 Nfd7 5. Bd3 c5 6. c3 Nc6 7. Ne2 cxd4 8. cxd4
f6 9. exf6 Qxf6 10. Nf3 Bb4+ 11. Bd2 O-O 12. O-O Bxd2 13. Qxd2 e5 14. dxe5 Ndxe5
15. Nxe5 Nxe5 16. Nd4 Bd7 17. Rad1 Be8 18. Be2 Bf7 19. b3 Rad8 20. Qb4 Rd7 21.
Rc1 Bg6 22. Qd2 Nc6 23. Nxc6 bxc6 24. Bf3 Re8 25. Rfe1 Rxe1+ 26. Qxe1 Re7 27.
Qb4 h5 28. h3 Be8 29. h4 g6 30. Rd1 Qe5 31. Qd4 Qxd4 32. Rxd4 Kf7 33. Kh2 Ke6
34. Kg3 Ke5 35. Rd2 Kf5 36. Be2 Kf6 37. f3 Re3 38. Kf4 Rc3 39. Bd1 Bf7 40. Rc2
Rxc2 41. Bxc2 c5 42. g4 a5 43. Bd3 c4 44. bxc4 dxc4 45. Bc2 Be8 46. g5+ Ke6 47.
Ke4 Bf7 48. Kd4 Kd6 49. f4 Kc6 50. f5 gxf5 51. Bxf5 Kb5 52. Kc3 Kc5 53. Bh7 Kd5
54. g6 Be6 1-0

[Event "Reykjavik Open 2016"]
[Site "Reykjavik ISL"]
[Date "2016.03.08"]
[Round "1.22"]
[White "Korning, Peter"]
[Black "Bromberger, Stefan"]
[Result "0-1"]
[BlackTitle "GM"]
[WhiteElo "1987"]
[BlackElo "2532"]
[WhiteFideId "1723332"]
[BlackFideId "4635248"]
[EventDate "2016.03.08"]

1. e4 c5 2. d4 cxd4 3. c3 dxc3 4. Nxc3 Nc6 5. Nf3 e6 6. Bc4 a6 7. O-O b5 8. Bb3
Nge7 9. Bg5 Bb7 10. Re1 f6 11. Be3 Ng6 12. Nd5 exd5 13. exd5 Nce5 14. Nxe5 fxe5
15. d6 Qf6 16. Bd5 Bxd5 17. Qxd5 Rc8 18. Rad1 Bxd6 19. Qxd6 Qxd6 20. Rxd6 Rc2
21. Rxa6 O-O 22. b4 Nf4 23. Rd6 Rf7 24. Rd2 Rxd2 25. Bxd2 d6 26. Re3 Kf8 27. Kf1
Ra7 28. a3 Ke7 29. g3 Nd5 30. Rd3 Ke6 31. f3 Rc7 32. Ke2 Nb6 33. Kd1 Nc4 34. Bc1
d5 35. Ke2 d4 36. f4 Kd5 37. fxe5 Nxe5 38. Bf4 Rc2+ 39. Rd2 Rxd2+ 40. Bxd2 Nc4
41. Bc1 Ke4 42. g4 d3+ 43. Ke1 Ke5 0-1

[Event "Reykjavik Open 2016"]
[Site "Reykjavik ISL"]
[Date "2016.03.08"]
[Round "1.23"]
[White "Shabalov, Alexander"]
[Black "Kempen, Leon"]
[Result "1-0"]
[WhiteTitle "GM"]
[BlackTitle "CM"]
[WhiteElo "2520"]
[BlackElo "1977"]
[WhiteFideId "2008572"]
[BlackFideId "3203786"]
[EventDate "2016.03.08"]

1. c4 c5 2. Nf3 Nc6 3. d4 cxd4 4. Nxd4 Nf6 5. Nc3 e6 6. a3 a6 7. e4 Qc7 8. Be3
Be7 9. Be2 O-O 10. O-O d6 11. Rc1 Bd7 12. f3 Rfe8 13. Nd5 exd5 14. cxd5 Rec8 15.
Kh1 Qb8 16. dxc6 bxc6 17. Qd2 a5 18. g4 c5 19. Nf5 Bxf5 20. gxf5 Nd7 21. Rg1 Bf6
22. Rg2 Kh8 23. Bc4 Ne5 24. Bg5 Rg8 25. Bxf6 gxf6 26. Bd5 Ra7 27. Rcg1 Rxg2 28.
Qxg2 Qf8 29. Qg3 Rc7 30. Qh4 Nd7 31. f4 Rc8 32. Qh5 Qe7 33. Qxf7 Qxf7 34. Bxf7
Nb6 35. Be6 Rd8 36. Kg2 d5 37. exd5 Nxd5 38. Kf3 Nc7 39. Bc4 Rb8 40. a4 Rd8 41.
b3 Na8 42. h4 Nb6 43. Be6 Rd3+ 44. Ke2 Rd8 45. Rc1 Nd5 46. Kf3 Nb4 47. Rxc5 Rd3+
48. Ke4 Kg7 49. Rxa5 Rd6 50. Ra7+ Kh6 51. Rd7 1-0